Rasčety ekonomičeskogo effekta novoj techniky

Salvato in:
Dettagli Bibliografici
Autore principale: Čirkov, Vladimir Grigor'jevič
Natura: Libro
Lingua:russo
Pubblicazione: Kijev Technika 1984
Serie:Biblioteka inženera
Tags: Aggiungi Tag
Nessun Tag, puoi essere il primo ad aggiungerne!!

MARC

LEADER 00000nam a2200000 4500
001 c109496
005 20041019155144.2
041 0 |a rus 
044 |a UA 
245 1 0 |a Rasčety ekonomičeskogo effekta novoj techniky  |c Vladimir Grigor'jevič Čirkov 
264 1 |a Kijev  |b Technika  |c 1984 
300 |a 181 s. 
490 1 |a Biblioteka inženera 
830 0 |a Biblioteka inženera 
100 1 |a Čirkov, Vladimir Grigor'jevič